| 000 | 04099cam a22002775a 4500 | ||
|---|---|---|---|
| 001 | 149221 | ||
| 008 | 100205s2004 xxk f 000 0 eng d | ||
| 020 | _a9781405172066 | ||
| 035 | _a(Sirsi) u149221 | ||
| 041 | 0 | _aeng | |
| 050 | 0 | 4 | _a347.4107 |
| 100 | 1 | _aRiches, John L. | |
| 245 | 0 | 0 |
_aConstruction adjudication _h[electronic resource] |
| 250 | _a2nd ed. | ||
| 260 |
_a[S.l.] _bBlackwell Publishing _c2004 |
||
| 300 | _aeBook | ||
| 505 | 2 | _aWhat is adjudication? -- The Act: The Overarching Provisions -- Section 104 Construction contracts -- Section 105 Meaning of ?construction operations? -- Section 106 Provisions not applicable to contract with residential occupier -- Section 107 Provisions applicable only to agreements in writing -- Section 114 The Scheme for Construction Contracts -- Section 115 Service of notices, &c -- Section 116 Reckoning periods of time -- Section 117 Crown application -- Section 146 Orders, regulations and directions -- Section 148 Extent -- Section 149 Corresponding provision for Northern Ireland -- Section 150 Commencement -- Section 151 Short title -- The Act: The Adjudication Provisions -- The Act: The Payment Provisions -- Section 109 Entitlement to stage payments -- Section 110 Dates for payment -- Section 111 Notice of intention to withhold payment -- Section 112 Right to suspend performance for non-payment -- -- Section 113 Prohibition of conditional payment provisions -- The Secondary Legislation The Scheme for Construction Contracts (England and Wales) Regulations 1998 -- Notice of intention to seek adjudication -- Powers of the adjudicator -- Adjudicator's decision -- Effects of the decision -- Payment -- Entitlement to and amount of stage payments -- Adjudication Clauses, Rules and Procedures -- The Appointment -- Adjudicators' Agreements -- Jurisdiction, Powers and Duties -- The process -- The Decision -- Enforcement and Appeals Appendix 1 The Housing Grants, Construction and Regeneration Act 1996 Part II -- Appendix 2 The Scheme for Construction Contracts (England and Wales) Regulations 1998 -- Appendix 3 The Construction Contracts (England and Wales) Exclusion Order 1998 -- Appendix 4 The Scheme for Construction Contracts (Scotland) Regulations 1998 -- Appendix 5 The Construction Contracts (Scotland) Exclusion Order 1998 -- Appendix 6 The Construction Contracts (Northern Ireland) Order 1997 -- Appendix 7 Joint Contracts Tribunal 1998 Edition Private With Quantities -- Appendix 9 ICE Conditions of Contract 7th Edition -- Appendix 10 New Engineering and Construction Contract -- Appendix 11 Civil Engineering Contractors -- Appendix 12 GC/Works/1 with Quantities 1998 Condition 59 -- Appendix 13 Technology and Construction Solicitors' Association (TecSA) Adjudication Rules ? 2002 Version 2.0 Procedural Rules for Adjudication -- Appendix 14 Centre for Effective Dispute Resolution (CEDR) Rules for Adjudication -- Appendix 15 Construction Industry Council (CIC) Model Adjudication Procedure 3rd Edition -- Appendix 16 Association of Consulting Engineers Conditions of Engagement -- Appendix 17 Institution of Chemical Engineers Red Book Clause 45 | |
| 520 | _aAdjudication has been the main means of settling construction disputes since it was first introduced by the Housing Grants, Construction and Regeneration Act 1996, and a substantial body of case law has now built up. This eBook established itself as the key authority on adjudication when it was first published. It has now been revised to reflect the authors' experience of adjudication in practice and to cover the large number of court decisions. It features useful appendices on adjudication materials. | ||
| 590 | _aka | ||
| 650 | 2 | 4 | _aHOUSING GRANTS, CONSTRUCTION AND REGENERATION ACT 1996 |
| 651 | 4 | _aENGLAND AND WALES | |
| 690 | _aMANAGEMENT-DISPUTE AVOIDANCE, MANAGEMENT AND RESOLUTION-DISPUTE MANAGEMENT AND RESOLUTION-ALTERNATIVE DISPUTE RESOLUTION-ADJUDICATION | ||
| 700 | 1 | _aDancaster, Christopher | |
| 856 | 4 | 8 |
_uhttps://www.vlebooks.com/ _zView on VLEbooks. Logins for members only from [email protected] |
| 942 | _n0 | ||
| 999 |
_c110425 _d110425 |
||